Didaktika tělesné výchovy /

Salvato in:
Dettagli Bibliografici
Autore principale: Sýkora, František (xxx)
Natura: Libro
Lingua:ceco
Pubblicazione: Praha : Státní pedagogické nakladatelství, 1985
Edizione:1.vyd.
Soggetti:
Tags: Aggiungi Tag
Nessun Tag, puoi essere il primo ad aggiungerne!!

MARC

LEADER 00000nam a22000003a 4500
001 stu35528
005 20150617225731.1
008 920427s1985----cs------------------cze-d
040 |a STU  |b slo 
041 0 |a cze 
044 |a cs 
080 |a 372.796(075.8) 
100 1 |a Sýkora, František  |4 xxx 
245 1 |a Didaktika tělesné výchovy /  |c František Sýkora a kol 
250 |a 1.vyd. 
260 |a Praha :  |b Státní pedagogické nakladatelství,  |c 1985 
300 |a 212 s 
650 7 |a výchova telesná  |2 stusub 
650 7 |a didaktika  |2 stusub 
650 7 |a Didaktika telesnej výchovy  |2 stusub 
996 |b 284M015003  |c M*2757-1  |l MMKN  |s A  |a 24  |w stu35528_0001